000 00893nam a22002297a 4500
001 EIF-VIII-2013-M8-008
003 OSt
005 20221222130213.0
008 221222b |||||||| |||| 00| 0 eng d
040 _aFundación Jesús Pereda
_cFundación Jesús Pereda
041 _aCastellano
100 _aVega Sombría, Santiago
_9298
111 _aEncuentro de Investigadores del Franquismo
_c(Barcelona.
_d2013.
_n8º)
_9100
245 _aEntre los calabozos y el Cementerio del Este:
_bmuertes en el Madrid de posguerra
_c/Santiago Vega Sombría
650 0 _9381
_aPostguerra
650 0 _9787
_aMortalidad
650 0 _9597
_aEstablecimientos penitenciarios
651 0 _9266
_aMadrid
773 _tActas del VIII Encuentro de Investigadores del Franquismo
856 _uhttps://bibliotecaccoocyl.fundacionjesuspereda.es/cgi-bin/koha/opac-retrieve-file.pl?id=19560ac2344aba5cb23eafc5604582e6
942 _2ddc
_cCF
_n0
999 _c474
_d474